[Event "Nordic-ch Girls C"]
[Site "Stavanger"]
[Date "2012.04.20"]
[Round "5"]
[White "Greibrokk, Ingrid Andrea"]
[Black "Borregaard, Linnea Holmboe"]
[Result "1-0"]
[WhiteElo "875"]
[BlackElo "1036"]
[PlyCount "81"]
[EventDate "2012.04.20"]
[EventType "swiss"]
[EventRounds "5"]
[EventCountry "NOR"]
[SourceTitle "EXT 2024"]
[Source "ChessBase"]
[SourceDate "2023.10.10"]
[SourceVersion "1"]
[SourceVersionDate "2023.10.10"]
[SourceQuality "1"]

1. c4 g6 2. d4 Bg7 3. g3 d6 4. Nf3 Bf5 5. e3 e6 6. Bg2 Nc6 7. 0-0 Nge7 8. Nc3 0-0 9. b3 e5 10. Bb2 Qd7 11. Re1 Bh3 12. Bh1 Rad8 13. Qd2 Bf5 14. Rac1 Nb4 15. e4 exd4 16. exf5 Nxf5 17. Nb5 Nc6 18. Nbxd4 Ncxd4 19. Nxd4 d5 20. Nxf5 Qxf5 21. Bxg7 Kxg7 22. Bxd5 Qf6 23. Qc3 Qxc3 24. Rxc3 c6 25. Bg2 Rd2 26. a3 Rb8 27. b4 Ra2 28. b5 c5 29. h4 b6 30. Re7 a5 31. bxa6 Kf6 32. Re1 Rd8 33. a7 Rdd2 34. a8Q Rxf2 35. Rf3+ Rxf3 36. Qxf3+ Kg7 37. Re7 Ra1+ 38. Kh2 Kh6 39. Qf4+ Kg7 40. Qxf7+ Kh6 41. Qxh7# 1-0

[Event "Nordic-ch Girls C"]
[Site "Stavanger"]
[Date "2012.03.23"]
[Round "1"]
[White "Borregaard, Linnea Holmboe"]
[Black "Paltzer, Brandy"]
[Result "1/2-1/2"]
[WhiteElo "1036"]
[BlackElo "1430"]
[PlyCount "64"]
[EventDate "2012.04.20"]
[EventType "swiss"]
[EventRounds "5"]
[EventCountry "NOR"]
[SourceTitle "EXT 2024"]
[Source "ChessBase"]
[SourceDate "2023.10.10"]
[SourceVersion "1"]
[SourceVersionDate "2023.10.10"]
[SourceQuality "1"]

1. e4 e5 2. Nf3 Nc6 3. Bc4 Bc5 4. d3 Nf6 5. Bg5 0-0 6. Nc3 Bb4 7. 0-0 d6 8. h3 Bxc3 9. bxc3 h6 10. Be3 Qe7 11. Rb1 b6 12. Bd5 Bb7 13. Nh4 Nxd5 14. exd5 Qxh4 15. dxc6 Bxc6 16. f3 d5 17. f4 d4 18. cxd4 exd4 19. Bxd4 Qg3 20. Qd2 Bd5 21. a3 c5 22. Be5 Be6 23. Rf3 Qg6 24. Rbf1 Bd5 25. f5 Qg5 26. Rg3 Qxd2 27. Rxg7+ Kh8 28. Rxf7+ Kg8 29. Rg7+ Kh8 30. Rf7+ Kg8 31. Rg7+ Kh8 32. Rf7+ Kg8 1/2-1/2